00384nam a2200133 a 4500008004100000100001800041245009700059250001200156260002800168650002700196003000100223005001700224040000900241 1 aPrasad, I. B.10aA textbook of strength of materials :ba text-book for engineering students /cI. B. Prasad. a9th ed. aDelhi :bKhanna,c1992. aStrength of materials.20230123134419.0 cNUST